| 000 | 01086 aa a2200241 4500 | ||
|---|---|---|---|
| 005 | 20120522132449.0 | ||
| 010 | _a | ||
| 020 |
_c125.00 _a818583010x |
||
| 035 | _aA-690213 | ||
| 035 | _aA-768888 | ||
| 037 | _b pub | ||
| 082 | _a551.46 | ||
| 100 |
_aशर्मा, श्यामसुन्दर _947707 |
||
| 245 |
_aसागर विज्ञान / _cश्यामसुन्दर शर्मा |
||
| 246 |
_a _b |
||
| 260 |
_aदिल्ली _bसत्साहित्य प्रकाशन _c1994 |
||
| 270 |
_a _b _e |
||
| 300 |
_a200पृ _c22 सेमी (सजिल्द) |
||
| 490 |
_a _947708 |
||
| 942 |
_adpl _cHN _k _2ddc _h551.46 _mशर्माश्या |
||
| 999 |
_c67019 _d67019 |
||